000 00700nam a22002295i 4500
001 177843
003 ES-MaACL
005 20230906220429.0
008 110503s2001 sp |||| | spa d
020 _a84-95192-85-3
080 _a821.134.2-14"19"
100 1 _aRamírez Lozano, José A.
_995155
245 1 0 _aAqueronte /
_cJosé Antonio Ramírez Lozano.
250 _a1ª ed.
260 _aCuenca :
_bDiputación Provincial de Cuenca, Cultura,
_cimp. 2001.
300 _a84 p. ;
_c21 cm.
490 1 _aColección Federico Muelas
500 _aPremio Alfonso VIII de Poesía 2001.
830 0 _aColección Federico Muelas
_9190610
852 _aES-MaACL
_j2296-F-8
999 _c177843
_d177843